000 00998nam a2200229Ii 4500
003 JO-AjNU
008 230605s9999||||xx |||||||||||||| ||und||
017 _a2021/8/4806
020 _a978-9957-77-579-7
040 _aJO-AjNU
_bara
_erda
_cJO-AjNU
041 _aara
050 1 4 _aBJ1291.2022
100 3 _aالشرعة، ممدوح منيزل، م.مشارك هاني صلاح ابو جلبان,
_eauthor
_963803
245 0 0 _aالقيم في القرن الحادي والعشرين بين النظرية والتطبيق
250 _aالطبعة الاولى
264 3 1 _aعمان: دار المأمون للنشر والتوزيع، 2022
300 _a182ص
_bيحتوي على مراجع من ص 177-182ص
336 _atext
_btxt
_2rdacontent
337 _aunmediated
_bn
_2rdamedia
338 _avolume
_bnc
_2rdacarrier
650 4 _aالقيم الاجتماعية-الاخلاق الاسلامية-التربية الاسلامية-علم الاجتماع الاسلامي
_963804
999 _aA28960
_c32528
_d32528